000 00651nam a2200241Ia 4500
003 OSt
005 20220918182639.0
006 a|||||r|||| 00| 0
007 ta
008 220917b |||||||| |||| 00| 0 eng d
024 _a33,568
037 _cTextual
040 _aARTS
_cARTS
_beng
041 _2eng
_aeng
082 _aO111,2:gK, L2
100 _aMcILwraith A K Ed.
_960807
245 0 _aFive Stuart tragedies
260 _aLondon
_bOxford University Press
_c1972
300 _axxi, 497p.
_ccm.
650 _aENGLISH LITERATURE
942 _hO111,2:gK, L2
_cTEXL
_2CC
999 _c169790
_d169790